[Event "Panevezys Elite Open 2020"]
[Site "Panevezys"]
[Date "2020.06.29"]
[Round "5.1"]
[White "Jazdanovs, Aleksandrs"]
[Black "Bekasovs, Rihards"]
[Result "1/2-1/2"]
[WhiteElo "2222"]
[BlackElo "2179"]
[Annotator "TA"]
[PlyCount "99"]
[EventDate "2020.06.26"]
[EventType "swiss"]
[EventCountry "LTU"]
[SourceTitle "playchess.com"]
[Source "ChessBase"]
[SourceQuality "1"]

{[%evp 13,99,43,71,72,69,58,88,61,70,64,75,63,68,68,99,17,25,25,22,17,18,24,41,40,53,38,42,43,36,40,47,-42,51,60,51,43,50,24,33,-63,-41,-66,-58,-75,0,-9,0,0,0,0,0,0,0,-31,-39,-25,-34,-32,0,-75,-72,-87,0,0,0,0,0,-19,0,0,0,0,0,0,0,0,0,0,0,0,0,0,0,0,0,0,0,0]} 1. e4 g6 2. d4 Bg7 3. Nc3 c6 4. h3 d5 5. Nf3 dxe4 6. Nxe4 Bf5 7. Ng3 Nf6 8. Nxf5 {B15: Caro-Kann: 3 Nc3: 3...g6 and 3...dxe4 4 Nxe4 Nf6 5 Nxf6+ exf6.} Qa5+ 9. c3 Qxf5 10. Be2 {White is better.} (10. Bc4 {keeps more tension.} O-O 11. O-O Qc8 12. Re1 e6 13. Bf4) 10... O-O 11. O-O Nbd7 {[#]} 12. Re1 $146 ({Predecessor:} 12. Bd3 Qa5 13. Re1 e6 14. Bf4 Rfe8 15. Ne5 Nxe5 16. Bxe5 Nd5 17. Bg3 Rad8 18. a3 {½-½ (35) Zair,A-Dienavorian Lacherian,M (2295) Thessaloniki 1988}) 12... Qa5 13. Bf4 e6 14. Ne5 (14. a4 $16) 14... Nxe5 $11 15. Bxe5 Nd5 16. Bf3 Bxe5 17. Rxe5 Qc7 18. h4 Nf6 19. Qd2 Rfd8 {...Qxe5! is the strong threat.} 20. Qh6 Qe7 21. h5 Qf8 22. Qg5 (22. Qe3 $14) 22... Qg7 (22... Nxh5 $15 23. Re3 (23. Bxh5 $2 f6 $19 {[%mdl 64] Double Attack}) 23... Ng7) 23. h6 $14 Qh8 24. g4 Nd7 {White must now prevent ...f6.} 25. Re4 Qf6 26. Qe3 ({Better is} 26. Qxf6 $14 Nxf6 27. Re5) 26... g5 $15 27. Kg2 Qxh6 28. Be2 Qf6 (28... Qg6 $17) 29. f4 $1 $11 h6 30. Rh1 Nf8 31. fxg5 hxg5 32. Re5 Rd5 33. Rxd5 exd5 34. Rf1 Qg7 35. Qe7 b5 36. Bf3 (36. Rf5 $11 {keeps the balance.}) 36... Ne6 $17 37. Kg3 Nf4 (37... Qf8 $17 38. Qxf8+ Rxf8) 38. Qb7 $11 {The position is equal.} Re8 {aiming for ...Qh6.} 39. Qxc6 {[%mdl 64] [#] Double Attack} Re6 40. Qxb5 Rh6 41. Qe8+ Kh7 42. Rh1 Rxh1 43. Bxh1 Qg6 44. c4 Qd3+ {[%mdl 64] [#] Double Attack} 45. Bf3 Qxd4 46. Qxf7+ {[%mdl 64] Double Attack} Kh6 47. Qf8+ Kh7 48. Qe7+ {[%mdl 64] Double Attack} Kh6 49. Qd6+ {[%mdl 64] Double Attack} Kg7 {( -> ...Qg1+)} 50. Qe7+ {Accuracy: White = 71%, Black = 85%.} 1/2-1/2

[Event "Panevezys Elite Open 2020"]
[Site "Panevezys"]
[Date "2020.06.29"]
[Round "5.2"]
[White "Juknis, Paulius"]
[Black "Stremavicius, Pijus"]
[Result "1/2-1/2"]
[WhiteElo "2127"]
[BlackElo "2163"]
[Annotator "TA"]
[PlyCount "54"]
[EventDate "2020.06.26"]
[EventType "swiss"]
[EventCountry "LTU"]
[SourceTitle "playchess.com"]
[Source "ChessBase"]
[SourceQuality "1"]

{[%evp 14,54,0,6,21,-3,37,37,39,0,30,0,0,0,23,33,16,0,25,35,21,0,50,68,116,99,165,164,163,164,232,243,251,182,344,256,397,0,316,0,397,0,309]} 1. d4 d5 2. Nf3 Nf6 3. g3 e6 4. Bg2 b5 5. a4 b4 6. c4 bxc3 7. Nxc3 Be7 8. O-O O-O {A46: 1 d4 Nf6 2 Nf3 e6: Torre, London and Colle Systems.} 9. Bf4 Na6 10. Ne5 Bb7 {White is slightly better.} 11. Rc1 (11. Qb3 $5 {[%cal Rb3b7]} Qc8 12. Nb5 $14) 11... c5 12. dxc5 {[#]} Nxc5 $146 ({Predecessor:} 12... Bxc5 13. Nd3 Bd6 14. Be3 Ng4 15. Bd2 Ne5 16. Nb5 Nxd3 17. exd3 Bc5 18. Qg4 Re8 {½-½ (60) Cordova,E (2596)-Hevia Alejano,C (2518) Merida 2013}) 13. Nb5 a5 14. Be3 Na6 15. Nc4 Nd7 16. Ncd6 Bc8 17. Bd4 Nf6 18. e4 $36 {[%mdl 2048] Black is under pressure.} Bxd6 19. Nxd6 ({And not} 19. e5 Be7 $17) 19... Qxd6 (19... Nb4 $16) 20. e5 $18 {[%mdl 64] [#] Double Attack} Qb4 {Hoping for ...Ne4.} 21. exf6 g6 (21... Bd7 {is a better defense.}) 22. Bc3 Qd6 23. Re1 ({Don't play} 23. Bxa5 Re8 $18) 23... Bb7 $2 {[#]} (23... Bd7 {might work better.} 24. Bxa5 Rfb8) 24. Be5 Qb4 (24... Qb6 $142 25. Qd2 Kh8) 25. Bc3 Qd6 $1 26. Be5 Qb4 27. Bc3 Qd6 $1 {[%mdl 32768] Accuracy: White = 67%, Black = 40%. . An unexpected result.} 1/2-1/2

[Event "Panevezys Elite Open 2020"]
[Site "Panevezys"]
[Date "2020.06.29"]
[Round "5.3"]
[White "Meshkovs, Nikita"]
[Black "Dambrauskas, Virginijus"]
[Result "1-0"]
[WhiteElo "2582"]
[BlackElo "2246"]
[Annotator "TA"]
[PlyCount "81"]
[EventDate "2020.06.26"]
[EventType "swiss"]
[EventCountry "LTU"]
[SourceTitle "playchess.com"]
[Source "ChessBase"]
[SourceQuality "1"]

{[%evp 12,81,27,34,42,31,42,43,52,46,69,36,83,56,66,60,104,99,95,106,108,97,85,74,108,83,85,87,89,81,130,53,58,19,22,-104,-110,-121,178,164,171,170,170,168,217,220,224,225,747,724,679,683,1589,632,633,604,884,872,852,800,29980,29981,29981,1054,29976,29976,29987,29988,29996,29997,29997,29998]} 1. c4 e6 2. d4 d5 3. Nc3 Nf6 4. Nf3 c6 5. e3 Nbd7 6. Qc2 a6 7. b3 Bb4 {D45: Semi-Slav: 5 e3.} 8. Bd3 O-O 9. O-O Re8 {White is slightly better.} 10. Bb2 {[#]} b6 $146 ({Predecessor:} 10... dxc4 11. bxc4 c5 12. Rfd1 cxd4 13. exd4 Qa5 14. a3 Bf8 15. Re1 g6 16. Nd2 Qc7 {1-0 (28) Muckle,J (2340)-Lambert,A (2160) Lambsheim 2017}) 11. e4 g6 12. e5 Nh5 $1 13. Ne2 Be7 14. cxd5 cxd5 15. g4 Ng7 16. Qd2 a5 17. Qh6 f5 18. h3 Ba6 19. Bxa6 Rxa6 20. Rac1 Ra7 21. Nf4 (21. Nc3 $16) 21... Nf8 $14 22. Rc6 {White wants to play Rfc1.} Rc7 23. Rxb6 (23. Rxc7 $11 {keeps the balance.} Qxc7 24. Rc1) 23... Rc2 $1 $17 24. Rb7 {Ba3 is the strong threat.} Rc7 $4 {[%mdl 8192] This move loses the game for Black.} (24... Rxb2 $17 25. Rc1 Rxa2) 25. Rxc7 $40 {[%mdl 128] White is out for blood.} Qxc7 26. Rc1 Qb7 27. Nd3 Qb5 28. Rc3 Rb8 29. Bc1 Nd7 $2 {[#]} (29... Qd7 30. Bg5 Bb4) 30. Ba3 $1 {[%mdl 512]} Bd8 (30... Bxa3 31. Ng5) 31. Bd6 Ra8 {[#]} 32. Nf4 (32. Rc7 $142 $1 {[%mdl 512]} fxg4 (32... Bxc7 33. Ng5) 33. hxg4 Bxc7 34. Ng5) 32... Qb7 {[#]} 33. Ng5 $1 Bxg5 34. Qxg5 Rc8 {[#]} 35. Rc7 $1 {[%mdl 576] Deflection, Decoy} Rxc7 36. Qd8+ {[%mdl 64] Double Attack} Kf7 37. Bxc7 (37. Qe7+ $142 Kg8 38. Qd8+ Kf7 39. Bxc7 Nf8 40. Bd6 Ne8 41. Bxf8 fxg4 {[#]} 42. Nxe6 $1 {[%mdl 512]}) 37... Qc6 38. Bd6 {White mates.} Qc1+ {[#]} 39. Kg2 $1 Qxf4 40. Qxd7+ Kg8 41. Qd8+ {[%mdl 64] Double Attack. Accuracy: White = 70%, Black = 49%.} 1-0

[Event "Panevezys Elite Open 2020"]
[Site "Panevezys"]
[Date "2020.06.29"]
[Round "5.4"]
[White "Steponavicius, Stasys"]
[Black "Heberla, Bartlomiej"]
[Result "0-1"]
[WhiteElo "2183"]
[BlackElo "2572"]
[Annotator "TA"]
[PlyCount "94"]
[EventDate "2020.06.26"]
[EventType "swiss"]
[EventCountry "LTU"]
[SourceTitle "playchess.com"]
[Source "ChessBase"]
[SourceQuality "1"]

{[%evp 12,94,47,48,85,82,87,0,3,-1,-3,-32,-35,-63,-33,-45,-34,-79,-83,-114,-114,-114,-109,-134,-127,-123,-105,-125,-126,-129,-117,-114,-85,-135,-56,-55,-62,-79,-81,-69,-72,-99,-91,-173,-164,-316,-314,-427,-432,-385,-333,-635,-611,-625,-625,-609,-612,-614,-620,-616,-585,-622,-541,-646,-646,-761,-670,-844,-790,-901,-888,-872,-751,-834,-747,-895,-888,-903,-890,-1076,-883,-834,-802,-2108,-1931]} 1. d4 Nf6 2. c4 c5 3. d5 g6 4. Nc3 Bg7 5. e4 d6 6. Be2 O-O 7. Be3 b5 {E73: King's Indian: Averbakh Variation without 6...c5.} 8. cxb5 a6 {[#]} 9. b6 $146 (9. a4 $16) ({Predecessor:} 9. bxa6 Qa5 10. Bd2 Bxa6 11. Nf3 Qb4 12. Bxa6 Nxa6 13. Qe2 Qxb2 14. O-O Qa3 15. e5 dxe5 {1-0 (46) Gorodetzky,D (2461)-Rechlis,G (2506) Netanya 2019}) 9... Qxb6 $11 {The position is equal.} 10. Qd2 a5 11. Rb1 Ba6 12. Bh6 Bxh6 13. Qxh6 Nbd7 {[%cal Bb8d7,Bd7e5,Be5d3][%mdl 32]} 14. h4 Ne5 {White must now prevent ...Bxe2.} 15. Rh3 Bxe2 16. Ngxe2 c4 17. Qe3 Qxe3 18. Rxe3 Nd3+ 19. Kf1 Ng4 20. Rg3 Ndxf2 ({Don't play} 20... Ngxf2 21. Nd4) 21. Nd4 h5 22. b3 Nd3 (22... Rfb8 $17 23. Nc6 {[#]} Rb4 $1 {[%mdl 512]}) 23. bxc4 $15 Nde5 {Threatens to win with ...Rfc8.} 24. c5 {Black keeps a firm grip on the game.} dxc5 25. Nc6 Ra6 26. Nxe7+ Kg7 27. Nb5 (27. Rb5 $17) 27... Rb8 28. Na3 $2 (28. Nc3 Re8 29. Rb7) 28... Rb4 $19 29. Rc3 Rf6+ 30. Kg1 Rxe4 31. Rc2 $2 (31. Nc6) 31... Ne3 {Black is clearly winning.} 32. Re2 N5g4 33. Rbe1 Rxe7 34. Nc4 Nxc4 35. Rxe7 Rd6 36. Rf1 Nf6 37. Rc7 Rxd5 38. g4 Ne3 39. Rf3 Nexg4 40. Ra3 Ne4 41. Re7 Rd1+ 42. Kg2 Rd2+ 43. Kg1 Nd6 44. Kf1 Nf5 45. Re8 {[#]} Nge3+ $1 46. Ke1 (46. Raxe3 Nxe3+) 46... Rh2 {...Nc2+ is the strong threat.} 47. Rxa5 Nd4 {Accuracy: White = 30%, Black = 87%.} 0-1

[Event "Panevezys Elite Open 2020"]
[Site "Panevezys"]
[Date "2020.06.29"]
[Round "5.5"]
[White "Golubovskis, Maksims"]
[Black "Starostits, Ilmars"]
[Result "1-0"]
[WhiteElo "2062"]
[BlackElo "2490"]
[Annotator "TA"]
[PlyCount "101"]
[EventDate "2020.06.26"]
[EventType "swiss"]
[EventCountry "LTU"]
[SourceTitle "playchess.com"]
[Source "ChessBase"]
[SourceQuality "1"]

{[%evp 15,101,30,32,24,43,34,43,31,41,32,41,-21,-3,-24,-1,-81,-23,-34,-34,-21,0,0,0,-22,0,-47,110,104,430,426,1373,1396,29971,29972,2586,2305,29990,150,134,132,128,64,49,7,7,15,0,0,22,18,403,409,401,395,393,393,485,485,482,481,628,621,584,614,621,621,680,620,800,799,784,769,763,758,733,0,727,572,728,711,616,394,727,710,759,673,29988,29989]} 1. e4 c5 2. Nf3 Nc6 3. d4 cxd4 4. Nxd4 Qb6 5. Nb3 Nf6 6. Nc3 e6 7. Qe2 Bb4 8. Bd2 O-O 9. a3 {B33: Sicilian: Pelikan and Sveshnikov Variations.} Be7 10. O-O-O d5 11. e5 {White is slightly better.} Nd7 12. f4 a6 {12...Nc5 is more fashionable.} 13. g4 (13. Qh5 $14) 13... Qc7 $11 14. Bg2 b5 {[#]} 15. Rhe1 $146 (15. Bxd5 $11 {keeps the balance.} exd5 16. Nxd5) ({Predecessor:} 15. Bxd5 exd5 16. Nxd5 Qa7 17. Be3 Qb7 18. g5 Re8 19. Rhg1 Bf8 20. Qh5 g6 21. Qh4 {0-1 (35) Jurcik,M (2359)-Hracek,Z (2638) Czechia 2014}) 15... Nb6 (15... b4 $1 $17 {[%cal Rb4c3]} 16. axb4 Nxb4) 16. f5 Bh4 17. f6 gxf6 (17... Bxe1 18. Rxe1 Nc4 19. fxg7 $17) 18. exf6 Bxf6 19. g5 Bg7 20. Qh5 $1 b4 $2 {[#]} (20... Ne7 $1 $15 {keeps the upper hand.}) 21. Ne4 $1 $16 {[%cal Re4f6][%mdl 512]} dxe4 $4 {[%mdl 8192]} (21... Kh8 $16) 22. Bxe4 $18 {[%csl Ge4][%cal Rh5h7]} f5 (22... Rd8 $142 23. Qxh7+ Kf8) 23. gxf6 $1 Bxf6 24. Rg1+ Kh8 25. Bh6 $1 {[%cal Rh6g7] White threatens Bg7+! and mate.} Ra7 26. Bg7+ $2 (26. Bxf8 {mates} Qf4+ 27. Kb1 $1 {[%mdl 512]} Bg5 28. Bd6 Rg7 29. Bxf4 Nd5 30. Bxg5 Bd7 31. Rdf1) 26... Qxg7 $16 27. Rxg7 $40 {[%mdl 128] White has strong attack.} Rxg7 {[#]} 28. Bxc6 (28. Qc5 $1 $16 {[%cal Rc5f8][%mdl 512]} Nd7 29. Qxc6) 28... e5 $1 $14 {White must now prevent ...Bg4.} 29. h3 bxa3 30. bxa3 Nc4 31. Qe2 Ne3 32. Rd6 (32. Qxe3 $2 Bg5 $19) 32... Bf5 $2 {[%mdl 8192] Black is now going downhill.} ({Avoid the trap} 32... Bxh3 $2 33. Rxf6 (33. Qxe3 $2 Bg5 $19) 33... Rg1+ 34. Kd2 $18) (32... Bg5 $11 {and Black has nothing to worry.} 33. Rd3 Rc7 34. Rxe3 Rxc6) 33. Rxf6 $1 $18 ({Don't blunder} 33. Qxe3 $2 Bg5 $19) 33... Rxf6 34. Qxe3 Rxc6 {[#]} 35. Nd4 $1 {[%cal Rd4c6][%mdl 576] Double Attack} Rc3 (35... exd4 36. Qe8+) 36. Qxc3 exd4 37. Qxd4 {Qd8+ is the strong threat.} Bxh3 {[%mdl 4096] Endgame KQ-KRB} 38. Qd8+ Rg8 39. Qf6+ Rg7 40. c4 Bg4 41. c5 h5 42. Qxa6 Kh7 43. Qf6 Rg6 44. Qd8 Rg8 45. Qf6 Rg6 46. Qh4 Re6 47. Kd2 Kg6 48. Kd3 Bf5+ $2 (48... Ra6 49. Kd4 Rxa3) 49. Kd4 Ra6 50. Qg3+ Bg4 51. Qd3+ {[%mdl 64] Double Attack. Accuracy: White = 74%, Black = 37%.} 1-0

[Event "Panevezys Elite Open 2020"]
[Site "Panevezys"]
[Date "2020.06.29"]
[Round "5.6"]
[White "Malisauskas, Vidmantas"]
[Black "Boyajyan, David"]
[Result "1-0"]
[WhiteElo "2423"]
[BlackElo "1949"]
[Annotator "TA"]
[PlyCount "75"]
[EventDate "2020.06.26"]
[EventType "swiss"]
[EventCountry "LTU"]
[SourceTitle "playchess.com"]
[Source "ChessBase"]
[SourceQuality "1"]

{[%evp 18,75,45,14,25,0,12,0,30,12,31,6,9,11,9,0,0,0,0,0,26,0,3,0,23,25,21,17,27,-4,0,2,6,7,10,12,44,44,47,45,52,57,109,108,124,101,181,186,181,169,171,160,245,241,690,681,828,858,721,652]} 1. e4 e6 2. d4 d5 3. Nd2 c5 4. Ngf3 Nc6 5. exd5 exd5 6. Bb5 cxd4 7. O-O Bd6 8. Nb3 Nge7 9. Nbxd4 O-O 10. h3 Bd7 {[#] C09: French Tarrasch: 3...c5 4 exd5 exd5 5 Ngf3 Nc6.} 11. Be2 $146 ({Predecessor:} 11. Bd3 f6 12. c4 Kh8 13. cxd5 Nxd5 14. Nxc6 bxc6 15. a3 Rb8 16. Qc2 f5 17. Rb1 Qf6 18. Re1 {1-0 (37) Kovalev,V (2674)-Jussupow,A (2563) Puhajarve 2019}) 11... Rc8 12. Be3 Bb8 {The position is equal.} 13. c3 Na5 14. Qd2 Nc4 15. Bxc4 dxc4 16. Bf4 Bxf4 17. Qxf4 Ng6 18. Qd2 Bc6 19. Nh2 Qd5 {[%csl Gc6][%cal Rd5g2]} 20. f3 Ne5 21. Ng4 Nd3 22. Nf2 Nc5 23. Rfe1 Rfe8 24. Rxe8+ Rxe8 25. Re1 Rxe1+ 26. Qxe1 Ne6 (26... f6 {feels hotter.} 27. Qe7 h6 28. Kf1 Qg5 29. Nxc6 bxc6 30. Kg1 Qc1+) 27. Nxe6 Qxe6 28. Qxe6 fxe6 $14 {[%mdl 4096] Endgame KB-KN} 29. Ng4 Kf8 (29... Bd5 $14) 30. Kf2 $1 $16 Ke7 {[#]} 31. Ke3 $1 Kd6 {[#]} (31... h5 $16 {was necessary.}) 32. Kd4 $1 $18 b5 33. Ne5 Be8 34. h4 h5 {[#]} (34... Bh5 $16 35. a4 a6) 35. a4 $1 {[%cal Ba2a4,Ba4a5][%mdl 544]} a6 $2 (35... bxa4 36. Nxc4+ Kc6) 36. a5 {White is clearly winning.} Ke7 37. Kc5 Kf6 38. Kd6 {Accuracy: White = 87%, Black = 56%.} 1-0

[Event "Panevezys Elite Open 2020"]
[Site "Panevezys"]
[Date "2020.06.29"]
[Round "5.7"]
[White "Baum, Jonasz"]
[Black "Aleknavicius, Andrius"]
[Result "1-0"]
[WhiteElo "2373"]
[BlackElo "1895"]
[Annotator "TA"]
[PlyCount "91"]
[EventDate "2020.06.26"]
[EventType "swiss"]
[EventCountry "LTU"]
[SourceTitle "playchess.com"]
[Source "ChessBase"]
[SourceQuality "1"]

{[%evp 21,91,35,31,-42,-27,-32,0,-31,-34,-23,0,-22,-25,-43,-40,-64,-27,-35,-41,-41,-48,-98,-18,-47,-42,-55,0,0,0,0,19,19,183,0,0,0,0,0,150,163,241,231,194,201,207,201,304,283,323,337,345,306,595,595,801,793,1122,804,867,802,4133,5193,29994,29995,29996,29995,29995,29995,29996,29996,29996,384]} 1. e4 c5 2. Nf3 Nc6 3. Nc3 Nf6 4. d4 cxd4 5. Nxd4 d6 6. Bc4 Bd7 7. Bb3 g6 8. f3 Nxd4 9. Qxd4 Bg7 10. Be3 O-O 11. Qd2 b5 {[%cal Bb7b5,Bb5b4][%mdl 32]} 12. Bh6 {B57: Classical Sicilian: Sozin with 6...Qb6.} (12. a3 $14) 12... a5 13. a4 b4 {And now ...Bxh6 would win.} 14. Ne2 {[#] The position is equal.} Be6 $146 ({Predecessor:} 14... Rc8 15. h4 Be6 16. Bxe6 fxe6 17. Bxg7 Kxg7 18. h5 Kf7 19. hxg6+ hxg6 20. b3 Qb6 {0-1 (50) Zimmermann,J (2280)-Tischbierek,R (2434) Germany 2010}) 15. Bxe6 fxe6 16. Bxg7 Kxg7 17. h4 e5 18. g4 h6 19. g5 Nh5 20. gxh6+ Kh7 21. Rf1 {[#]} Nf4 (21... b3 $1 $17 {[%mdl 512]} 22. c3 (22. cxb3 Rb8) 22... Qd7) 22. Nxf4 Rxf4 ({Don't play} 22... exf4 $6 23. O-O-O $16) 23. O-O-O Qd7 (23... Qf8 $15) 24. b3 $11 Rc8 {[#]} 25. h5 $1 {[%mdl 512]} g5 (25... gxh5 26. Rg1) 26. Rg1 Qe6 $2 (26... Rg8 $11) 27. Kb2 $2 $40 {[%mdl 128] White is up to no good.} (27. Rxg5 $18 {aiming for Qg2.} Rxf3 28. Rg7+ Kh8 29. Kb2) 27... Kxh6 28. Rg3 Qf6 29. Rdg1 Rg8 {White leaves nothing to chance now.} ({Black should try} 29... Rc3 $11) 30. Qd5 $16 Qf7 (30... Kh7 $142) 31. Qxa5 $18 Rxf3 32. Qxb4 Rxg3 33. Rxg3 {[%mdl 4096] Endgame KQR-KQR} Qf4 (33... Qf2 {was called for.} 34. Qc4 Qd4+ 35. Qxd4 exd4) 34. Qe1 Rc8 35. a5 {[%cal Ba4a5,Ba5a6][%mdl 32]} e6 36. b4 d5 $2 (36... Rc4 {might work better.}) 37. a6 dxe4 {If Black can now play ...Rb8 this consolidates a bit.} 38. Re3 Qh2 39. Re2 Qxh5 40. Rxe4 Qe8 41. Rxe5 Qa4 42. Rxe6+ {White mates.} Kh7 43. Qe4+ Kh8 44. Rh6+ Kg8 45. Qh7+ Kf8 46. Rf6+ {Accuracy: White = 82%, Black = 31%.} 1-0

[Event "Panevezys Elite Open 2020"]
[Site "Panevezys"]
[Date "2020.06.29"]
[Round "5.8"]
[White "Krivonosov, Oleg"]
[Black "Valantiejus, Vaidotas"]
[Result "1-0"]
[WhiteElo "2391"]
[BlackElo "2082"]
[Annotator "TA"]
[PlyCount "131"]
[EventDate "2020.06.26"]
[EventType "swiss"]
[EventCountry "LTU"]
[SourceTitle "playchess.com"]
[Source "ChessBase"]
[SourceQuality "1"]

{[%evp 23,131,0,0,0,0,0,0,0,0,0,0,0,0,0,0,0,0,0,0,0,0,0,0,0,0,0,0,0,0,0,0,0,0,0,0,0,22,8,9,0,26,26,31,22,37,31,54,38,23,22,22,22,22,20,34,29,98,86,85,23,16,23,25,0,0,0,0,0,0,0,23,23,44,0,27,0,37,36,175,182,161,167,306,272,331,277,266,240,503,523,500,482,637,632,29946,1252,29946,29947,29939,12851,12848,29941,6518,5601,29957,29958,29965,29966,29975,29975]} 1. Nf3 Nf6 2. c4 c5 3. Nc3 b6 4. g3 Bb7 5. Bg2 g6 6. b3 Bg7 7. Bb2 O-O 8. O-O d5 9. Nxd5 Nxd5 10. Bxg7 Kxg7 11. cxd5 Qxd5 12. d4 Na6 {now scores much better than the old 12...cxd4.} 13. Nh4 {A30: Symmetrical English: Double Fianchetto and Hedgehog.} (13. Qd2 {looks sharper.} cxd4 14. Qxd4+ Qxd4 15. Nxd4 Bxg2 16. Kxg2 Rac8 17. Rfc1) 13... Qd7 14. dxc5 Qxd1 15. Rfxd1 {The position is equal.} Bxg2 16. Nxg2 Nxc5 17. Ne3 Rfd8 18. f3 {[#]} Rac8 $146 ({Predecessor:} 18... f6 19. Rxd8 Rxd8 20. Rd1 Rxd1+ 21. Nxd1 Kf7 22. Kf2 Ke6 23. Ke3 Kd6 24. Nc3 Kc6 25. f4 Ne6 26. Ke4 {½-½ (26) Subhayan,K (2354)-Aravindh,C (2601) Kolkata 2019}) 19. Kf2 f6 20. Ke1 Kf7 21. Rxd8 Rxd8 $11 {[%mdl 4096] Endgame KRN-KRN} 22. Rc1 Rd7 23. Rc4 Ne6 24. b4 Nd4 25. g4 e5 26. Rc8 Ke6 27. h4 Kf7 28. g5 fxg5 29. hxg5 Ke6 30. Ng4 Re7 31. Nf6 Kf5 32. Ne4 Ke6 33. Kf2 Kd7 34. Rc1 Ne6 35. e3 Kd8 36. Kg3 Rd7 37. Rh1 Rc7 38. Kg4 Nf8 39. Nf6 Rf7 (39... Rc4+ $11 {keeps the balance.} 40. Kg3 Ke7) 40. b5 Ke7 41. Ng8+ (41. Rd1 $16) 41... Kd6 42. Rc1 Rc7 43. Rd1+ Ke6 44. Rd8 Kf7 45. Nh6+ Ke7 $1 {[%cal Re7d8]} 46. Ra8 Nd7 47. Ng8+ Kf7 48. e4 Ke6 49. Nh6 Ke7 50. Kg3 Rc1 {[#] This move loses the game for Black.} ({Better is} 50... Rc5 $14) 51. Ng4 $1 $18 ({Don't play} 51. Rxa7 $6 Rg1+ 52. Kf2 Rxg5 $16) 51... Rc7 52. Rg8 Rc5 (52... Kd6 {was called for.} 53. Rg7 Nc5 54. Rxc7 Kxc7) 53. Rg7+ Ke6 54. Rxh7 Rxb5 55. Rg7 Ra5 $2 (55... Nf8 56. Rxa7 Nd7) 56. Rxg6+ Kf7 57. Rd6 Ke7 58. g6 Rc5 {[#]} 59. g7 (59. Rxd7+ $142 $1 {[%mdl 512]} Kxd7 60. g7 Rc8 61. Nf6+ Ke6 62. g8=Q+ Rxg8+ 63. Nxg8 a5 64. f4) 59... Rc8 {[#]} 60. Rxd7+ $1 {[%mdl 576] Remove Defender, Promotion} Kxd7 {KR-KN} 61. Nf6+ Ke6 62. g8=Q+ Rxg8+ 63. Nxg8 b5 64. Kf2 {White mates.} a5 65. Ke3 b4 66. Kd3 {Accuracy: White = 86%, Black = 63%.} 1-0

[Event "Panevezys Elite Open 2020"]
[Site "Panevezys"]
[Date "2020.06.29"]
[Round "5.9"]
[White "Butvilas, Aistis"]
[Black "Brazdzionis, Andrius"]
[Result "1/2-1/2"]
[WhiteElo "2103"]
[BlackElo "2342"]
[Annotator "TA"]
[PlyCount "32"]
[EventDate "2020.06.26"]
[EventType "swiss"]
[EventCountry "LTU"]
[SourceTitle "playchess.com"]
[Source "ChessBase"]
[SourceQuality "1"]

{[%evp 9,32,-12,-17,-5,4,-14,-10,-15,-8,-39,-44,-52,-22,-31,19,12,35,29,22,18,117,109,124,125,134]} 1. d4 Nf6 2. c4 e6 3. Nc3 Bb4 4. f3 c5 5. d5 b5 6. e4 {E20: Nimzo-Indian: 4 g3 and 4 f3.} O-O {6...0-0 is setting a new trend.} 7. Bg5 h6 8. Bh4 {The position is equal.} d6 9. Bd3 exd5 10. cxd5 c4 11. Bc2 Nbd7 12. Nge2 Bc5 {[#]} 13. Nxb5 $146 ({Predecessor:} 13. Nd4 Qb6 14. Bf2 Ne5 15. O-O Bd7 16. Nce2 a5 17. Kh1 Rfe8 18. Bg1 h5 19. Ng3 {0-1 (66) Vildanov,R (2014)-Demianjuk,A (2359) Samara 2014}) 13... Qb6 14. Nbd4 Qxb2 {[#]} (14... Ne5 $1 $11 {remains equal.}) 15. O-O $1 $16 Ba6 16. Kh1 Rfe8 {Accuracy: White = 89%, Black = 77%.} 1/2-1/2

[Event "Panevezys Elite Open 2020"]
[Site "Panevezys"]
[Date "2020.06.29"]
[Round "5.10"]
[White "Laurusas, Tomas"]
[Black "Bagvilas, Lukas"]
[Result "1-0"]
[WhiteElo "2511"]
[BlackElo "1907"]
[Annotator "TA"]
[PlyCount "51"]
[EventDate "2020.06.26"]
[EventType "swiss"]
[EventCountry "LTU"]
[SourceTitle "playchess.com"]
[Source "ChessBase"]
[SourceQuality "1"]

{[%evp 9,51,26,44,41,54,-34,19,22,26,31,28,29,31,22,27,23,21,16,151,158,201,167,341,337,393,387,377,358,520,522,498,403,502,381,552,379,392,353,686,676,823,552,1243,1231]} 1. d4 d6 2. Bg5 g6 3. e4 Bg7 4. Nc3 c6 5. Qd2 Nd7 6. f4 {B06: Modern Defence.} Qc7 7. e5 (7. Nf3 $14) 7... h6 (7... f6 $15 8. exf6 exf6) 8. Bh4 $11 {[#] The position is equal.} g5 $146 {[%cal Rg5h4]} ({Predecessor:} 8... dxe5 9. fxe5 b5 10. Bd3 e6 11. Ne4 Bf8 12. Ne2 Bb7 13. O-O g5 14. Bg3 Nb6 15. Nd6+ Bxd6 16. exd6 Qd7 17. Be5 f6 18. Bg6+ Kd8 19. Rxf6 {1-0 (19) Efimov,I (2433)-Schrott,E (2059) Amantea 2009}) 9. Bf2 gxf4 10. exd6 Qxd6 11. Nge2 Ngf6 12. Nxf4 Nb6 13. Bd3 Nfd5 {[#]} (13... h5 $11 {keeps the balance.}) 14. Nh5 $1 $36 {[%cal Rh5g7][%mdl 2048] Keeping Black busy.} Bf8 15. Ne4 Qb4 $2 (15... Qe6 {keeps fighting.}) 16. c3 $18 Qa5 17. Qe2 Be6 18. Nc5 Nd7 (18... Nxc3 $142 19. Qd2 {[%mdl 64] Pin} (19. Nxb7 Qb4 $14) 19... O-O-O 20. Nxe6 fxe6) 19. Nxe6 fxe6 20. Bg6+ Kd8 21. Qxe6 Qb5 (21... Nc7 $142 22. Qf7 Qb5) 22. Rb1 Nc7 23. Qf7 Nb6 $2 {[#]} (23... Qd5 24. Bg3 Qxf7 25. Bxf7 Kc8) 24. Bg3 {White is clearly winning.} Nc4 25. Bd3 Nd5 26. O-O {Accuracy: White = 71%, Black = 20%.} 1-0